000 nam a22 7a 4500
999 _c10544
_d10544
008 180219b ||||| |||| 00| 0 eng d
100 _96452
_aKAPOOR.S
245 _aMILHAI
260 _aMUMBAI
_bPOPULAR
_c2015